| 000 | 00772nam a2200181 a 4500 | ||
|---|---|---|---|
| 008 | 120416s1982 ||||||||||||||||| || u | ||
| 050 | _aHF 5548.8 Man | ||
| 100 | _aVroom, Victor H | ||
| 245 | 1 | 0 |
_aManagement and motivation: selected readings _cedited by Victor H. Vroom |
| 260 |
_aHarmondsworth, Middlesex _bPenguin _c1982 |
||
| 300 | _a399p.: ill. | ||
| 350 | _a0.00 | ||
| 650 | _aMOTIVATION | ||
| 650 | 0 | _aMANAGEMENT | |
| 700 | _aDeci, Edward L | ||
| 995 |
_aBINDERY (DAMAGED) _D0.00 _e704501 _FCBU-MAIN LIBRARY (Kitwe) _H1 _I0.00 _jHF 5548.8 MAN _M2 _UDAMAGED _WSep 30, 2009 _y704501 _ZMain Library Open Access Collection |
||
| 995 |
_aBINDERY (DAMAGED) _D0.00 _e704502 _FCBU-MAIN LIBRARY (Kitwe) _H1 _I0.00 _jHF 5548.8 Man _M1 _UDAMAGED _y005306 _ZMain Library Open Access Collection |
||
| 999 |
_c82404 _d82404 |
||